[Event "Frauen Europameisterschaft"]
[Site "Dresden"]
[Date "2004.03.30"]
[Round "9.27"]
[White "Mamedjarova, Z."]
[Black "Melnikova, Y."]
[Result "1-0"]
[WhiteElo "2341"]
[BlackElo "2171"]
[PlyCount "163"]
[EventDate "2004.03.20"]

1. d4 f5 2. Nc3 Nf6 3. Bg5 d5 4. e3 e6 5. Bd3 c5 6. Nf3 Nc6 7. Bb5 Bd7 8. Ne5
Be7 9. Bxc6 Bxc6 10. Qe2 O-O 11. O-O Qb6 12. Rab1 Bd6 13. Kh1 Ne4 14. Nxe4 fxe4
15. Qg4 Rf5 16. Bf4 Qc7 17. f3 Bxe5 18. Bxe5 Qf7 19. f4 cxd4 20. Bxd4 Bb5 21.
Rf2 e5 22. Bc5 exf4 23. Bd4 h5 24. Qh3 Rf8 25. exf4 Rxf4 26. Rxf4 Qxf4 27. Qxh5
Rf5 28. Qg6 Rf7 29. Qe6 Bc6 30. h3 a6 31. Rd1 Kh7 32. Kg1 Rf5 33. Qe7 Rg5 34.
Rf1 Qg3 35. Rf2 Rg6 36. Kh1 Bb5 37. Kg1 Bc6 38. b3 b5 39. c3 a5 40. Qf7 b4 41.
cxb4 axb4 42. Qf5 e3 43. Qh5+ Rh6 44. Qf5+ Rg6 45. Re2 Bb5 46. Be5 Qg5 47. Qxg5
Rxg5 48. Rxe3 Rg6 49. Bd4 Bd7 50. Kh2 Bf5 51. Re7 Be4 52. g4 Bb1 53. Ra7 Re6
54. Kg3 Re4 55. Bxg7 Re2 56. Bf8+ Kg6 57. Bxb4 Rxa2 58. Bc5 Rxa7 59. Bxa7 Ba2
60. b4 Bc4 61. Kf4 Bf1 62. h4 Be2 63. Bd4 Bd3 64. h5+ Kh6 65. Be3 Kg7 66. Kg5
Be2 67. Bd4+ Kf7 68. Kf5 Bd3+ 69. Ke5 Be2 70. Kf4 Ke6 71. Kg5 Kf7 72. Bc3 Bf1
73. Kf5 Bd3+ 74. Ke5 Be2 75. h6 Kg6 76. Bd2 Bxg4 77. Kxd5 Bf3+ 78. Kd6 Be2 79.
Kc5 Bd3 80. b5 Kf7 81. b6 Be4 82. Kd6 1-0

[Event "Frauen Europameisterschaft"]
[Site "Dresden"]
[Date "2004.03.30"]
[Round "9.29"]
[White "Chasovnikova, E."]
[Black "Bensdorp, M."]
[Result "1-0"]
[WhiteElo "2277"]
[BlackElo "2161"]
[PlyCount "87"]
[EventDate "2004.03.20"]

1. e4 e6 2. d4 d5 3. Nd2 Nf6 4. e5 Nfd7 5. Bd3 c5 6. c3 Nc6 7. Ne2 cxd4 8. cxd4
f6 9. Nf4 Qe7 10. Nf3 Nb6 11. O-O Bd7 12. a3 O-O-O 13. b4 Kb8 14. Bd2 Ka8 15.
b5 Nxd4 16. Nxd4 fxe5 17. Nfxe6 Bxe6 18. Bg5 Qxg5 19. Nxe6 Qe7 20. Nxd8 Qxd8
21. a4 Nd7 22. a5 Bc5 23. b6 e4 24. Bb5 Ne5 25. Qh5 Qf6 26. Kh1 a6 27. Be2 g6
28. Qh3 Nc6 29. Rac1 Qd6 30. Bxa6 d4 31. Bb5 Ne5 32. a6 d3 33. Ra1 Bxb6 34.
axb7+ Kxb7 35. Rfb1 h5 36. Qg3 Rf8 37. Ba6+ Kc7 38. Rc1+ Kb8 39. Rab1 Ka7 40.
Bb5 Bxf2 41. Qg5 d2 42. Rd1 Be1 43. Qe3+ Qb6 44. Qa3+ 1-0

[Event "Frauen Europameisterschaft"]
[Site "Dresden"]
[Date "2004.03.30"]
[Round "9.30"]
[White "Makropoulou, M."]
[Black "Czaeczine, A."]
[Result "1/2-1/2"]
[WhiteElo "2266"]
[BlackElo "2153"]
[PlyCount "129"]
[EventDate "2004.03.20"]

1. e4 c5 2. Nf3 d6 3. Bb5+ Nd7 4. c3 Ngf6 5. Qe2 a6 6. Ba4 e6 7. O-O b5 8. Bc2
c4 9. b3 Qc7 10. bxc4 bxc4 11. Na3 Nb6 12. Rb1 Nfd7 13. Ne1 Be7 14. Kh1 O-O 15.
d4 cxd3 16. Qxd3 e5 17. f4 Bb7 18. f5 Nf6 19. Qe3 Nbd7 20. Nf3 Nc5 21. Nd2 d5
22. exd5 Nxd5 23. Qg3 Bf6 24. Ne4 Nxe4 25. Bxe4 Rab8 26. c4 Nf4 27. Rxb7 Rxb7
28. Bxb7 Qxb7 29. Bxf4 exf4 30. Qxf4 Qb2 31. Nb1 h6 32. Qd2 Rb8 33. Qxb2 Rxb2
34. a3 Rc2 35. g3 Kf8 36. Rd1 Rxc4 37. Kg2 Rc2+ 38. Kh3 h5 39. Nd2 Be7 40. Ne4
Rc4 41. Nd6 Rc6 42. Ne4 Rc4 43. Nd6 Rc3 44. a4 Rc6 45. Nb7 Rc7 46. Rb1 g6 47.
fxg6 fxg6 48. Rb6 Rd7 49. Na5 Rd6 50. Rxd6 Bxd6 51. Nc4 Bc7 52. Kg2 Ke7 53. Kf3
Ke6 54. Ke4 h4 55. gxh4 Bxh2 56. Nd2 Bg3 57. Nf3 Kf6 58. h5 gxh5 59. Nd4 h4 60.
Nc6 Be1 61. Nb8 a5 62. Kf3 h3 63. Nc6 Kg5 64. Nxa5 Bxa5 65. Kg3 1/2-1/2

[Event "Frauen Europameisterschaft"]
[Site "Dresden"]
[Date "2004.03.30"]
[Round "9.31"]
[White "Papadopoulou, V."]
[Black "Muhren, B."]
[Result "0-1"]
[WhiteElo "2247"]
[BlackElo "2135"]
[PlyCount "88"]
[EventDate "2004.03.20"]

1. d4 d5 2. c4 dxc4 3. Nf3 Nf6 4. e3 e6 5. Bxc4 c5 6. O-O a6 7. Qe2 cxd4 8.
exd4 Be7 9. Nc3 O-O 10. a3 b5 11. Ba2 Bb7 12. Rd1 Nd5 13. Ne4 Nd7 14. Bd2 Rc8
15. b4 Qc7 16. Rac1 Qb8 17. Nc5 Rfd8 18. Bb1 Nf8 19. Ne5 Bf6 20. f4 Nb6 21. Be3
Qa8 22. f5 Bd5 23. Ng4 Nbd7 24. fxe6 fxe6 25. Bf4 Qa7 26. Ne3 Nb6 27. Be5 Bxe5
28. dxe5 Qe7 29. Qh5 Nc4 30. Ng4 Nxa3 31. Rf1 Nxb1 32. Rxb1 a5 33. Nf6+ gxf6
34. Rxf6 axb4 35. Nd3 Qa7+ 36. Nf2 Rc2 37. Qh4 Rdc8 38. Rf1 R2c4 39. Qh3 Rc3
40. Qh4 R3c4 41. Qh3 Qg7 42. Nd1 Rh4 43. Rf7 Rxh3 44. Rxg7+ Kxg7 0-1

[Event "Frauen Europameisterschaft"]
[Site "Dresden"]
[Date "2004.03.30"]
[Round "9.33"]
[White "Ovod, E."]
[Black "Hamelink, D."]
[Result "1-0"]
[WhiteElo "2357"]
[BlackElo "2185"]
[PlyCount "139"]
[EventDate "2004.03.20"]

1. d4 d5 2. c4 c6 3. Nf3 Nf6 4. Nc3 dxc4 5. a4 Bf5 6. e3 e6 7. Bxc4 Bb4 8. O-O
O-O 9. Nh4 Nbd7 10. f3 Qa5 11. e4 Bg6 12. Nxg6 hxg6 13. Ne2 e5 14. Be3 Rad8 15.
Qb3 exd4 16. Nxd4 Ne5 17. Be2 Rd7 18. Kh1 Rfd8 19. Nc2 Bc5 20. Bf4 Bb6 21. Qa2
Nd3 22. Bxd3 Rxd3 23. b4 Qh5 24. a5 Bd4 25. Nxd4 R8xd4 26. a6 b6 27. Qc2 Qb5
28. Bb8 Rd2 29. Qc1 Nh5 30. Qe1 Rd8 31. Bc7 R8d7 32. Bb8 Re2 33. Qc3 Rdd2 34.
Rg1 Qg5 35. Qe5 f5 36. h4 Qxh4+ 37. Qh2 Qg5 38. Ra3 f4 39. Qh3 Ng3+ 40. Kh2
Nf1+ 41. Kh1 Rd1 42. Qe6+ Kh7 43. Qh3+ Kg8 44. Qe6+ Kh7 45. Qh3+ Qh5 46. Bxf4
Ree1 47. Qxh5+ gxh5 48. Rxf1 Rxf1+ 49. Kh2 Rd7 50. Rc3 Rb1 51. Rxc6 Rxb4 52.
Bd6 Rd4 53. e5 b5 54. Rc5 b4 55. Rb5 g6 56. Rb7 Rg7 57. Kg3 b3 58. Rxb3 Ra4 59.
Bf8 Rf7 60. Rb7 Kg8 61. Bd6 Rxa6 62. Rb8+ Kh7 63. e6 Rf6 64. e7 Re6 65. Bc5 Ra5
66. Bd4 g5 67. e8=Q Rxe8 68. Rxe8 a6 69. Re5 Ra4 70. Be3 1-0

[Event "Frauen Europameisterschaft"]
[Site "Dresden"]
[Date "2004.03.30"]
[Round "9.34"]
[White "Krivec, J."]
[Black "Vasiliev, O."]
[Result "0-1"]
[WhiteElo "2301"]
[BlackElo "2156"]
[PlyCount "80"]
[EventDate "2004.03.20"]

1. e4 c5 2. Nf3 e6 3. d4 cxd4 4. Nxd4 a6 5. Bd3 Nf6 6. O-O d6 7. c4 Bd7 8. Nc3
Nc6 9. Nxc6 Bxc6 10. Qe2 Be7 11. f4 h5 12. a3 h4 13. b4 h3 14. g3 b6 15. Be3 d5
16. cxd5 exd5 17. e5 Nh5 18. Bd4 a5 19. Rab1 axb4 20. axb4 Ra3 21. Nb5 Bxb5 22.
Bxb5+ Kf8 23. g4 Ng3 24. hxg3 Rxg3+ 25. Kh1 Rg2 26. Rf2 Rg3 27. f5 Rh6 28. e6
Rh4 29. Rf4 Rg2 30. Bf2 Qc7 31. Bxh4 Rxe2 32. Bxe7+ Kxe7 33. Rbf1 Re1 34. f6+
gxf6 35. exf7 Qxf4 36. Rxe1+ Kxf7 37. Re2 Qxb4 38. Bd7 Qf4 39. Kg1 Qg3+ 40. Kf1
h2 0-1

[Event "Frauen Europameisterschaft"]
[Site "Dresden"]
[Date "2004.03.30"]
[Round "9.35"]
[White "Yildiz, B."]
[Black "Dragomirescu, A."]
[Result "1-0"]
[WhiteElo "2118"]
[BlackElo "2288"]
[PlyCount "110"]
[EventDate "2004.03.20"]

1. e4 g6 2. d4 Bg7 3. Nf3 d6 4. Nbd2 e5 5. c3 Nd7 6. Bd3 Ngf6 7. O-O O-O 8. Re1
b6 9. a4 a6 10. Nc4 Re8 11. d5 Nh5 12. b4 Nf4 13. Bf1 Nf6 14. Nb2 N6h5 15. Nd3
f5 16. Bxf4 Nxf4 17. Nxf4 exf4 18. exf5 Bxf5 19. Rxe8+ Qxe8 20. Qd2 Qf7 21. Rc1
a5 22. Qxf4 Bd7 23. Qxf7+ Kxf7 24. b5 Re8 25. h3 Bh6 26. Rd1 Bg7 27. Rc1 Bf5
28. Ng5+ Kg8 29. Ne6 Bh6 30. Ra1 Re7 31. Bc4 Bd2 32. Bb3 Kf7 33. Rd1 Bxc3 34.
Rc1 Bb2 35. Re1 h5 36. Re2 Bf6 37. Re1 Be5 38. Rc1 Bb2 39. Re1 Kf6 40. Re2 Bc3
41. Re3 Bd2 42. Re2 Bc3 43. Re3 Bb4 44. h4 Bc5 45. Re1 Bd3 46. g3 Bb4 47. Rc1
Kf5 48. Kg2 Bc5 49. Rd1 Ke4 50. Nf4 Kf5 51. Nxd3 Re2 52. Kf3 Re7 53. Bc2 Kf6
54. Nf4 Kf7 55. Bxg6+ Kf8 1-0

[Event "Frauen Europameisterschaft"]
[Site "Dresden"]
[Date "2004.03.30"]
[Round "9.36"]
[White "Smokina, K."]
[Black "Lopatin, O."]
[Result "1/2-1/2"]
[WhiteElo "2278"]
[BlackElo "2116"]
[PlyCount "40"]
[EventDate "2004.03.20"]

1. c4 f5 2. g3 Nf6 3. Bg2 g6 4. Nf3 Bg7 5. O-O O-O 6. Nc3 d6 7. d4 Qe8 8. Bf4
Nh5 9. Qd2 Nxf4 10. gxf4 Kh8 11. Rac1 a5 12. Nb5 Qd8 13. d5 c6 14. Nbd4 Qb6 15.
b3 c5 16. Nb5 a4 17. Qe3 Bf6 18. Ng5 axb3 19. axb3 Bd7 20. Ne6 Bxe6 1/2-1/2

[Event "Frauen Europameisterschaft"]
[Site "Dresden"]
[Date "2004.03.30"]
[Round "9.37"]
[White "Mammadova, N."]
[Black "Tsiganova, M."]
[Result "1-0"]
[WhiteElo "2104"]
[BlackElo "2269"]
[PlyCount "149"]
[EventDate "2004.03.20"]

1. c4 Nf6 2. g3 e6 3. Bg2 d5 4. b3 Be7 5. Bb2 O-O 6. Nf3 c5 7. cxd5 Nxd5 8. O-O
Nc6 9. d4 b6 10. Nbd2 cxd4 11. Nxd4 Nxd4 12. Bxd4 Ba6 13. Re1 Rc8 14. e3 Nb4
15. Qg4 g6 16. Red1 f5 17. Qf4 Nd3 18. Qh6 e5 19. Nc4 Bg5 20. Qh3 Nxf2 21. Kxf2
exd4 22. Rxd4 Qe7 23. Re1 b5 24. Nd2 Rc2 25. Bd5+ Kh8 26. Re2 b4 27. Bc4 Bxc4
28. Nxc4 Rxe2+ 29. Kxe2 Re8 30. Rd3 Bf6 31. Qf1 Bc3 32. Qf3 h5 33. Qc6 Rg8 34.
Rd7 Qg5 35. Nd6 Qg4+ 36. Kf2 Rg7 37. Qa8+ Kh7 38. Rxg7+ Bxg7 39. Qd5 h4 40. Ne8
Qh3 41. Qb7 Qxh2+ 42. Kf1 Qh3+ 43. Ke2 Qg4+ 44. Kd2 Kh6 45. Qxg7+ Kg5 46. gxh4+
Kxh4 47. Qh6+ Kg3 48. Nf6 Qf3 49. Qg5+ Kf2 50. Qh4+ Kf1 51. Qe1+ Kg2 52. Qe2+
Kg3 53. Qxf3+ Kxf3 54. Nh7 Kg4 55. Ke2 g5 56. Kf2 Kh5 57. Kg3 Kg6 58. Nf8+ Kf7
59. Nd7 Ke6 60. Nc5+ Kd5 61. Na6 Ke4 62. Kf2 Kd3 63. Nxb4+ Kc3 64. Nc6 a6 65.
Nb8 a5 66. Nc6 a4 67. bxa4 Kc4 68. a3 Kc5 69. Nd4 f4 70. exf4 gxf4 71. a5 Kd6
72. Kf3 Kc7 73. Kxf4 Kb7 74. Ke5 Ka6 75. Nb3 1-0

[Event "Frauen Europameisterschaft"]
[Site "Dresden"]
[Date "2004.03.30"]
[Round "9.38"]
[White "Fuchs, A."]
[Black "Hitzgerova, G."]
[Result "1-0"]
[WhiteElo "2099"]
[BlackElo "2190"]
[PlyCount "45"]
[EventDate "2004.03.20"]

1. d4 d6 2. c4 g6 3. Nc3 Bg7 4. Nf3 Nf6 5. e4 O-O 6. Be2 Bg4 7. Be3 Nfd7 8. Qd2
Nc6 9. O-O-O Bxf3 10. gxf3 e5 11. dxe5 Ndxe5 12. h4 Na5 13. Bg5 f6 14. Be3 Rf7
15. b3 Qe8 16. h5 g5 17. f4 Nec6 18. h6 Bh8 19. Bh5 Nb4 20. Rdg1 Kf8 21. f5 Qe5
22. Bd4 Nxa2+ 23. Kb2 1-0

[Event "Frauen Europameisterschaft"]
[Site "Dresden"]
[Date "2004.03.30"]
[Round "9.39"]
[White "Ozturk, K."]
[Black "Mamedjarova, T."]
[Result "0-1"]
[WhiteElo "1957"]
[BlackElo "2229"]
[PlyCount "70"]
[EventDate "2004.03.20"]

1. Nf3 f5 2. g3 Nf6 3. Bg2 g6 4. O-O Bg7 5. d3 O-O 6. Nbd2 e6 7. e4 fxe4 8.
dxe4 Nc6 9. c3 d5 10. Qe2 b6 11. Rd1 Bb7 12. Ng5 Qe8 13. Bh3 Nd8 14. e5 Nd7 15.
f4 Qe7 16. Nf1 c5 17. Qg4 Re8 18. Be3 h6 19. Nf3 d4 20. cxd4 h5 21. Qxg6 Bxf3
22. Rd2 Nf8 23. Qg5 Qxg5 24. fxg5 cxd4 25. Bxd4 Nc6 26. Bc3 Nxe5 27. Kf2 Bb7
28. Rad1 Bd5 29. b3 Nh7 30. Ne3 Nxg5 31. Bg2 Rf8+ 32. Ke2 Bxg2 33. Nxg2 Ne4 34.
Bxe5 Bxe5 35. Rd7 Nc3+ 0-1

[Event "Frauen Europameisterschaft"]
[Site "Dresden"]
[Date "2004.03.30"]
[Round "9.40"]
[White "Roessler, U."]
[Black "Karahaliou, E."]
[Result "1-0"]
[WhiteElo "2221"]
[BlackElo "2132"]
[PlyCount "95"]
[EventDate "2004.03.20"]

1. e4 c5 2. Nf3 Nc6 3. d4 cxd4 4. Nxd4 Nf6 5. Nc3 d6 6. Bc4 Qb6 7. Nb3 e6 8.
Be3 Qd8 9. Be2 Be7 10. f4 a6 11. a4 b6 12. O-O Qc7 13. Kh1 h5 14. h3 Bb7 15. f5
Ne5 16. Qd4 Nfd7 17. Rad1 Nc6 18. Qd2 Nce5 19. fxe6 fxe6 20. Bg5 Nf6 21. Qf4
O-O-O 22. Nd4 Qd7 23. Qe3 Nf7 24. Nf3 Qc7 25. Qd4 d5 26. exd5 Nxd5 27. Bxe7
Nxe7 28. Qc4 Nd5 29. Nxd5 exd5 30. Qxc7+ Kxc7 31. Nd4 Rd7 32. Ne6+ Kc8 33. Nxg7
Ng5 34. Nxh5 Rdh7 35. Bg4+ Kc7 36. Nf6 Rf7 37. Kg1 Rg7 38. Nh5 Rgh7 39. Nf4 Rg7
40. Ne6+ Nxe6 41. Bxe6 Bc8 42. Rf7+ Rxf7 43. Bxf7 Bf5 44. Bxd5 Bxc2 45. Rd4 Bg6
46. Rc4+ Kd7 47. Bf3 Rg8 48. Kf2 1-0

[Event "Frauen Europameisterschaft"]
[Site "Dresden"]
[Date "2004.03.30"]
[Round "9.41"]
[White "Shmirina, G."]
[Black "Chilingirova, P."]
[Result "1-0"]
[WhiteElo "2120"]
[BlackElo "2201"]
[PlyCount "83"]
[EventDate "2004.03.20"]

1. d4 d5 2. c4 e6 3. Nf3 Nf6 4. Bg5 c6 5. cxd5 exd5 6. Nc3 Nbd7 7. e3 Be7 8.
Bd3 O-O 9. O-O Re8 10. Qc2 Ne4 11. Bxe4 Bxg5 12. Bxh7+ Kh8 13. Nxg5 Qxg5 14.
Bf5 g6 15. Bh3 f5 16. Ne2 Nf6 17. Nf4 Qh6 18. Nd3 g5 19. Ne5 Qh7 20. f3 Be6 21.
Rae1 Rg8 22. Qb3 Raf8 23. e4 g4 24. exf5 gxh3 25. Ng6+ Rxg6 26. fxg6 Qxg6 27.
g3 Nh5 28. Qe3 Ng7 29. Qe5 Bf5 30. Qe7 Rf7 31. Qd8+ Kh7 32. Qh4+ Kg8 33. Re5
Ne6 34. g4 Rh7 35. Qe1 Rf7 36. Kh1 Nf8 37. Qd2 Qg7 38. gxf5 Qh7 39. Rg1+ Rg7
40. Rg4 Qh5 41. f6 Rxg4 42. Rxh5 1-0

[Event "Frauen Europameisterschaft"]
[Site "Dresden"]
[Date "2004.03.30"]
[Round "9.42"]
[White "Andersson, C."]
[Black "Seps, M."]
[Result "0-1"]
[WhiteElo "2196"]
[BlackElo "2078"]
[PlyCount "112"]
[EventDate "2004.03.20"]

1. e4 c5 2. c3 Nf6 3. e5 Nd5 4. d4 cxd4 5. Qxd4 e6 6. Nf3 Nc6 7. Qe4 f5 8. exf6
Nxf6 9. Qh4 d5 10. Bg5 Bd6 11. Bd3 e5 12. Bg6+ Ke7 13. Bc2 Qb6 14. b3 h6 15.
Be3 Qc7 16. Bg6 e4 17. Nd4 Ne5 18. Bf5 Nd3+ 19. Kd2 Be5 20. Bxc8 Qxc8 21. f4
Bxd4 22. Bxd4 Qf5 23. Be3 Rag8 24. h3 g5 25. fxg5 hxg5 26. Qg3 Kd7 27. a4 Nh5
28. Qh2 Nhf4 29. Na3 Qg6 30. Nb5 a6 31. Nd4 Rc8 32. Qg3 Rhg8 33. Qg4+ Kc7 34.
Rhf1 Kb8 35. h4 Ne5 36. Qg3 Ka8 37. hxg5 Nfd3 38. Rf5 Qd6 39. Bf4 Nxf4 40. Qxf4
Rge8 41. Rc1 Qc7 42. Rc2 Qg7 43. Rf6 e3+ 44. Ke2 Qh7 45. g6 Qh5+ 46. Nf3 d4 47.
Qxd4 Nxf3 48. Rxf3 Qxg6 49. Kd1 Rcd8 50. Qxd8+ Rxd8+ 51. Kc1 Re8 52. Rf1 e2 53.
Re1 Qxg2 54. Kb2 Qf2 55. Rcc1 Rd8 56. Rh1 e1=Q+ 0-1

[Event "Frauen Europameisterschaft"]
[Site "Dresden"]
[Date "2004.03.30"]
[Round "9.43"]
[White "Dimovski, A."]
[Black "Lauterbach, I."]
[Result "1-0"]
[WhiteElo "2111"]
[BlackElo "2171"]
[PlyCount "149"]
[EventDate "2004.03.20"]

1. e4 c5 2. Nf3 d6 3. d4 cxd4 4. Nxd4 Nf6 5. Nc3 a6 6. Be3 e6 7. Bd3 Be7 8. O-O
b5 9. f4 h5 10. Kh1 Bb7 11. a3 Nbd7 12. Qe2 Rc8 13. Bg1 h4 14. Bf2 g6 15. Nf3
Nh5 16. f5 gxf5 17. exf5 Nf4 18. Qe3 e5 19. Be4 Qc7 20. Rad1 Nf6 21. Bxb7 Qxb7
22. Qb6 Qxb6 23. Bxb6 N6h5 24. Rd2 Rc6 25. Be3 h3 26. g3 Ng2 27. Ba7 Nf6 28.
Ng5 Ng4 29. Nge4 N4e3 30. Rf3 Nc4 31. Rd5 Rh6 32. a4 b4 33. Nd1 Bd8 34. c3 bxc3
35. Rxc3 Na5 36. Rxc6 Nxc6 37. Nxd6+ Rxd6 38. Rxd6 Nxa7 39. Rxa6 Nc8 40. b4 e4
41. Rc6 Kd7 42. Rc3 Nd6 43. Ne3 Nxe3 44. Rxe3 Bb6 45. Re2 e3 46. b5 Nxf5 47. a5
Bd4 48. Kg1 Nd6 49. b6 Nc4 50. b7 Ba7 51. Kf1 Nd2+ 52. Ke1 Kc7 53. a6 Kb8 54.
Kd1 Bb6 55. Re1 Ka7 56. Ke2 Nc4 57. Rb1 Bc7 58. Rc1 Kxa6 59. Rxc4 Kxb7 60. Kxe3
Bb6+ 61. Kf3 Bg1 62. Rc2 Kb6 63. g4 Bc5 64. Kg3 Kc6 65. Kxh3 Kd5 66. Kh4 Be7+
67. Kh5 Bf6 68. Kh6 Ba1 69. Re2 f6 70. Kg6 Be5 71. h4 Ke6 72. h5 Ke7 73. g5 Kf8
74. gxf6 Bc3 75. Rc2 1-0

[Event "Frauen Europameisterschaft"]
[Site "Dresden"]
[Date "2004.03.30"]
[Round "9.44"]
[White "Jiretorn, E."]
[Black "Apanaviciute, K."]
[Result "1/2-1/2"]
[WhiteElo "2154"]
[BlackElo "2041"]
[PlyCount "142"]
[EventDate "2004.03.20"]

1. d4 Nf6 2. c4 e6 3. Nf3 Bb4+ 4. Nc3 c5 5. Qd3 d5 6. cxd5 exd5 7. dxc5 O-O 8.
e3 Nc6 9. a3 Bxc5 10. b4 Bb6 11. Na4 Bc7 12. Bb2 Re8 13. Be2 Qd6 14. h3 Ne4 15.
Nc3 Nxc3 16. Bxc3 f6 17. Rd1 Be6 18. Nd4 Nxd4 19. Qxd4 Bb6 20. Qh4 Qc6 21. Ba1
Bf5 22. O-O Rac8 23. Qh5 Be4 24. Bg4 Rcd8 25. Bf3 Bxf3 26. Qxf3 Re4 27. Rd3 Rc4
28. Bb2 Rc2 29. Bd4 Bxd4 30. Rxd4 Rc4 31. Rd3 Rc3 32. e4 d4 33. Rfd1 Rc1 34.
Qf4 Rxd1+ 35. Rxd1 d3 36. Qe3 Qc2 37. Qd2 Qb3 38. Ra1 Rc8 39. Kh2 Rc2 40. Qf4
h6 41. e5 fxe5 42. Qxe5 Rxf2 43. Rc1 Qf7 44. Rc8+ Kh7 45. Qe4+ Qf5 46. Qxf5+
Rxf5 47. Rd8 a5 48. Rxd3 axb4 49. axb4 Rf4 50. b5 Rf5 51. Rb3 b6 52. g4 Rf4 53.
Kg3 g5 54. h4 h5 55. gxh5 Rxh4 56. Rd3 Rxh5 57. Kg4 Rh1 58. Kxg5 Rb1 59. Rd5
Kg7 60. Rf5 Rb4 61. Kh5 Rb1 62. Kg4 Kg6 63. Rd5 Kf7 64. Kf5 Ke7 65. Ke5 Rb4 66.
Kf5 Rb1 67. Ke4 Re1+ 68. Kd4 Rd1+ 69. Kc4 Rxd5 70. Kxd5 Kd7 71. Ke5 Ke7 1/2-1/2

[Event "Frauen Europameisterschaft"]
[Site "Dresden"]
[Date "2004.03.30"]
[Round "9.45"]
[White "Vogel, H."]
[Black "Acar, G."]
[Result "1-0"]
[WhiteElo "2152"]
[BlackElo "1888"]
[PlyCount "47"]
[EventDate "2004.03.20"]

1. d4 d5 2. Nf3 Nf6 3. Bf4 c5 4. e3 Qb6 5. Nc3 Bd7 6. Rb1 e6 7. Be2 Bd6 8. Ne5
Bxe5 9. Bxe5 Nc6 10. O-O Nxe5 11. dxe5 Ng8 12. Qd2 Ne7 13. f4 Bc6 14. Bf3 Rd8
15. Kh1 Nf5 16. Ne2 h5 17. b4 cxb4 18. Nd4 Nxd4 19. exd4 Qa6 20. Qxb4 Qxa2 21.
Ra1 Qxc2 22. Rfc1 Qf5 23. Rxa7 Qxf4 24. Rxc6 1-0

[Event "Frauen Europameisterschaft"]
[Site "Dresden"]
[Date "2004.03.30"]
[Round "9.46"]
[White "Cinar, N."]
[Black "Meissner, C."]
[Result "0-1"]
[WhiteElo "2092"]
[BlackElo "2146"]
[PlyCount "82"]
[EventDate "2004.03.20"]

1. e4 c5 2. Nf3 d6 3. d4 cxd4 4. Nxd4 Nf6 5. Nc3 a6 6. Be2 e5 7. Nb3 Be7 8. O-O
Be6 9. Be3 Nbd7 10. Qd2 b5 11. Bf3 Rc8 12. a4 Nb6 13. axb5 Nc4 14. Qc1 axb5 15.
Nxb5 Nxe3 16. Qxe3 Rxc2 17. Rfc1 Rxc1+ 18. Rxc1 O-O 19. Nd2 Qa5 20. Na3 Rb8 21.
Nac4 Qd8 22. Ra1 Ne8 23. Be2 Nc7 24. h3 g6 25. Nb3 Bg5 26. Qd3 Nb5 27. Nca5 Bd7
28. Nc4 Be7 29. Rd1 Be6 30. Nca5 Qb6 31. Nc4 Bxc4 32. Qxc4 Nc7 33. Rd3 Ne6 34.
g3 Kg7 35. h4 h5 36. Rf3 Qb4 37. Qc1 Qxe4 38. Nd2 Qxe2 39. Qc3 Ra8 40. b4 Qd1+
41. Kg2 Ra1 0-1

[Event "Frauen Europameisterschaft"]
[Site "Dresden"]
[Date "2004.03.30"]
[Round "9.47"]
[White "Skibbe, D."]
[Black "Grossmann, S."]
[Result "1/2-1/2"]
[WhiteElo "2094"]
[BlackElo "1977"]
[PlyCount "97"]
[EventDate "2004.03.20"]

1. e4 d6 2. d4 Nf6 3. Nc3 g6 4. f4 Bg7 5. Nf3 c5 6. dxc5 Qa5 7. Bd3 Qxc5 8. Qe2
O-O 9. Be3 Qa5 10. O-O Bg4 11. Qe1 Nc6 12. Bd2 Qb6+ 13. Kh1 Nb4 14. Rb1 Nxd3
15. cxd3 Rac8 16. Qh4 Bxf3 17. Rxf3 Rfd8 18. Rh3 Qc5 19. f5 Kf8 20. Rf1 Ke8 21.
Bg5 Kd7 22. fxg6 hxg6 23. Bxf6 Bxf6 24. Qg4+ Kc7 25. Nd5+ Kb8 26. Nxf6 exf6 27.
Qf4 Qe5 28. Qf2 d5 29. Rf3 dxe4 30. dxe4 Qxe4 31. Rxf6 a6 32. Rf4 Rc2 33. Qg3
Qe5 34. Qf3 Rxb2 35. Rxf7 Rdd2 36. Rg1 Qd5 37. Qxd5 Rxd5 38. Rg7 g5 39. Ra1
Rxa2 40. Rg1 a5 41. h3 a4 42. Rb1 b5 43. Rf1 Rc2 44. Rf8+ Rc8 45. Rff7 Re8 46.
Rb7+ Kc8 47. Ra7 Kb8 48. Rab7+ Kc8 49. Ra7 1/2-1/2

[Event "Frauen Europameisterschaft"]
[Site "Dresden"]
[Date "2004.03.30"]
[Round "9.48"]
[White "Winnicki, A."]
[Black "Bakalarz, G."]
[Result "1/2-1/2"]
[WhiteElo "2013"]
[BlackElo "2082"]
[PlyCount "81"]
[EventDate "2004.03.20"]

1. d4 Nf6 2. g3 d5 3. Nf3 g6 4. Bg2 Bg7 5. O-O O-O 6. Nbd2 Nbd7 7. b3 c5 8. c4
cxd4 9. Nxd4 Qb6 10. e3 e5 11. N4f3 Re8 12. cxd5 Nc5 13. Nc4 Qa6 14. Bb2 e4 15.
Ne1 b5 16. Na3 Bb7 17. Rc1 Ncd7 18. Nec2 Rac8 19. Qd2 Nxd5 20. Bxg7 Kxg7 21.
Rfd1 N7f6 22. Bf1 Nc3 23. Nxb5 Nxd1 24. Nd6 Qxa2 25. Nxe8+ Rxe8 26. Qxd1 Qxb3
27. Rb1 Qd5 28. Nd4 a6 29. Qa4 Re7 30. Bxa6 Bxa6 31. Qxa6 Rc7 32. Qb5 Qa2 33.
Qb2 Qc4 34. Qb3 Qxb3 35. Rxb3 Ng4 36. Rb5 Ra7 37. h3 Nh6 38. Kg2 f6 39. Ne6+
Kf7 40. Nd8+ Ke8 41. Nc6 1/2-1/2

[Event "Frauen Europameisterschaft"]
[Site "Dresden"]
[Date "2004.03.30"]
[Round "9.49"]
[White "Schulz, S."]
[Black "Horn, E."]
[Result "1-0"]
[WhiteElo "2079"]
[BlackElo "2051"]
[PlyCount "75"]
[EventDate "2004.03.20"]

1. e4 c5 2. d3 Nc6 3. g3 g6 4. Bg2 Bg7 5. f4 e6 6. Nf3 d5 7. e5 Nge7 8. O-O O-O
9. Be3 b6 10. Bf2 Qc7 11. Na3 a6 12. c3 h6 13. d4 c4 14. Qd2 b5 15. g4 Rb8 16.
Nc2 a5 17. a3 Bd7 18. Be1 Na7 19. Qe2 Nec6 20. Bd2 Rfe8 21. Nh4 Bf8 22. f5 g5
23. fxe6 Bxe6 24. Nf5 Bxf5 25. Rxf5 Ne7 26. Rf2 Nac6 27. e6 Nd8 28. exf7+ Nxf7
29. Qe6 Nc6 30. Qg6+ Bg7 31. Bxd5 Ncd8 32. Raf1 Rf8 33. Ne3 Rb6 34. Rf6 Rxf6
35. Rxf6 Kh8 36. Nf5 Ne6 37. Bxe6 Nd6 38. Rxf8+ 1-0

[Event "Frauen Europameisterschaft"]
[Site "Dresden"]
[Date "2004.03.30"]
[Round "9.51"]
[White "Bayrak, A."]
[Black "Roelli, C."]
[Result "0-1"]
[WhiteElo "1898"]
[BlackElo "2020"]
[PlyCount "70"]
[EventDate "2004.03.20"]

1. e4 c5 2. Nc3 e6 3. g3 Nc6 4. Bg2 g6 5. d3 Bg7 6. Be3 Nd4 7. Nce2 Nxe2 8.
Nxe2 Bxb2 9. Rb1 Bg7 10. Bxc5 d6 11. Bb4 Qc7 12. O-O Ne7 13. Qd2 O-O 14. Nc3 a6
15. Nd1 e5 16. Ne3 b5 17. Ba5 Qd7 18. c4 Rb8 19. a4 f5 20. exf5 gxf5 21. Nd5
Nxd5 22. Bxd5+ Kh8 23. f4 exf4 24. Qxf4 Be5 25. Qd2 Qg7 26. axb5 axb5 27. Rxb5
Rxb5 28. cxb5 f4 29. Bb4 Rf5 30. Qc2 Bd7 31. Bc6 fxg3 32. hxg3 Qxg3+ 33. Qg2
Bd4+ 34. Rf2 Bxf2+ 35. Kf1 Bc5+ 0-1

[Event "Frauen Europameisterschaft"]
[Site "Dresden"]
[Date "2004.03.30"]
[Round "9.54"]
[White "Hafenstein, A."]
[Black "Oney, F."]
[Result "1-0"]
[WhiteElo "2051"]
[BlackElo "1809"]
[PlyCount "119"]
[EventDate "2004.03.20"]

1. e4 d6 2. Ne2 g6 3. g3 Bg7 4. Bg2 Nc6 5. c3 e5 6. d4 Bd7 7. Na3 Nf6 8. f3 O-O
9. O-O Qc8 10. Be3 Bh3 11. Qd2 Bxg2 12. Kxg2 Re8 13. Nc2 a5 14. Bg5 a4 15. Ng1
Ra5 16. Bxf6 Bxf6 17. d5 Ne7 18. Nh3 Bg7 19. Rae1 h6 20. c4 b6 21. Ne3 Rf8 22.
f4 f5 23. fxe5 dxe5 24. Nf2 Ra8 25. Qb4 Qd7 26. Rd1 Qd6 27. Qd2 Kh7 28. Kh1 Rf7
29. exf5 gxf5 30. Ng2 Bf6 31. Nd3 a3 32. b3 Rg8 33. Qe2 Rg5 34. Nf2 Rf8 35. Nh3
Rg7 36. Ne3 Bg5 37. Nc2 Bf6 38. Qd3 Bg5 39. b4 c6 40. g4 e4 41. Qe2 cxd5 42.
cxd5 e3 43. Nxg5+ Rxg5 44. Nxe3 f4 45. Qf3 Re5 46. Nc4 Qf6 47. Nxe5 Qxe5 48.
Rfe1 Qd6 49. Qxa3 Rf6 50. Qd3+ Kg7 51. a3 Ng6 52. Qe4 f3 53. Rc1 f2 54. Rf1 Ne5
55. Qg2 Kh8 56. Rxf2 Rxf2 57. Qxf2 Qxd5+ 58. Kg1 Qg8 59. Qf6+ Kh7 60. Rc7+ 1-0